000 01896cam a22004934i 4500
003 PE-LiUPU
005 20250731173018.0
008 150623s r 000 0 d
020 _a0310398703
035 _a(Sirsi) i9780310398707
040 _aPE-LiUPU
_bspa
_cPE-LiUPU
_erda
049 _aPRUA
082 0 4 _a259.0869
_bE64
_221
100 1 _aEnroth, Ronald M.,
_eautor.
245 1 0 _aRecovering from churches that abuse /
_cRonald Enroth.
264 1 _aGrand Rapids, Michigan :
_bZondervan Publishing House,
_c1994.
300 _a166 páginas ;
_c23 centímetros
336 _atext
_2rdacontent
337 _aunmediated
_2rdamedia
338 _avolume
_2rdacarrier
504 _aIncluye bibliografía.
505 0 _aSearching for freedom. -Is there light at the end of the tunnel?. -I' like to really live, not just survive. -Grace to people who know they need it. -Next Christmas, we'll get a tree. -A broken bone that heals is stronger. -God took time to visit his lost child. -grace is the best thing in the world.
526 _aSEG42
526 _aSEG41
526 _aSEG40
526 _aSEG39
526 _aP94
526 _aP87
526 _aP86
526 _aP85
526 _aP77
526 _aP76
526 _aP35
650 0 4 _aControl (Psicología)
_xCristianismo.
650 0 4 _aEx-miembros de iglesia
_xConsejo pastoral.
650 0 4 _aEx-miembros de iglesia
_xVida religiosa.
650 0 4 _aTrabajo iglesia con ex-miembros.
942 _2ddc
_cBOOK
949 _a259.0869 E64
_wDEWEY
_c1
_i47364
_lCCODEBUL1
_mBUL
_r0
_sY
_tBOOK
_u2015-6-24
_xTEOLOGIA
_PP35
_0COMPRA
_o.STAFF. Colección General
994 _aC0
_bPEPRU
596 _a1
999 _a259.0869 E64
_wDEWEY
_c23918
_i47364
_f2021-11-10
_g5
_lCCODEBUL1
_mBUL
_r0
_sY
_tBOOK
_u2015-6-24
_xTEOLOGIA
_PP35
_0COMPRA
_o.STAFF. Colección General
_d23918
980 _81
_gALBERTO SANCHEZ Responsable de Automatización